000 00702cam a22002533a 4500
001 4084
003 PGUSA
005 20140828083048.0
008 030501s2003||||xxu|||||s|||||000 1 eng d
040 _aPGUSA
_beng
042 _adc
050 4 _aPR
100 1 _aSmollett, T.
_q(Tobias),
_d1721-1771
245 1 4 _aThe Adventures of Peregrine Pickle
_h[electronic resource] /
_cT. Smollett
260 _bProject Gutenberg,
_c2003
506 _aPublic domain in the USA.
516 _aElectronic text
653 _aFiction
653 _aPicaresque literature
653 _aAdventure stories
830 0 _aProject Gutenberg
_v4084
856 4 0 _uhttp://www.gutenberg.org/ebooks/4084
942 _cEB
999 _c233413
_d233413